|
|
|
|
| LEADER |
01107nam a2200253 a 4500 |
| 001 |
12605075 |
| 008 |
091025s2001 bg b b 000 0 eng d |
| 010 |
|
|
|a 2001416400
|
| 020 |
|
|
|a 9843110528
|
| 040 |
|
|
|a DLC
|c DLC
|
| 082 |
0 |
0 |
|a 363.34/095492
|2 21
|
| 245 |
0 |
0 |
|a Disaster in Bangladesh :
|b selected readings /
|c editor, K. Nizamuddin.
|
| 260 |
|
|
|a Dhaka :
|b Disaster Research Training and Management Centre, Dept. of Geography and Environment, University of Dhaka,
|c 2001
|
| 300 |
|
|
|a 197 p. :
|b maps :
|c 22 cm.
|
| 504 |
|
|
|a Includes bibliographical references.
|
| 541 |
1 |
|
|e 00015362
|
| 650 |
|
0 |
|a Natural disasters
|z Bangladesh.
|
| 650 |
|
0 |
|a Water
|x Pollution
|z Bangladesh.
|
| 650 |
|
0 |
|a Arsenic
|x Toxicology
|z Bangladesh.
|
| 700 |
1 |
|
|a Nizamuddin, K.
|q (Khondakar)
|
| 710 |
2 |
|
|a University of Dhaka.
|b Disaster Research Training and Management Centre.
|
| 852 |
4 |
|
|a Ayesha Abed Library
|j General Shelf
|
| 999 |
|
|
|c 5202
|d 5202
|
| 952 |
|
|
|0 0
|1 0
|2 ddc
|4 0
|6 363_340954920000000_DIS_2001
|7 0
|9 5049
|a BRACUL
|b BRACUL
|c GEN
|d 2009-11-08
|g 270.00
|l 5
|m 11
|o 363.34095492 DIS
|p 3010015362
|r 2025-10-05
|s 2025-10-04
|t 1
|v 540.00
|w 2009-11-08
|y BK
|